000 00716nam a22002297a 4500
005 20170124110026.0
010 _aA-709697
020 _c00.00
035 _aA-709697
037 _bCen Lib/Ret
040 _aDPL
_bEN
082 _a597.9
_bCAN
100 _aCantley
_920619
245 _aReptiles and mammlas of Indian sub-continent :
_cby Cantley [and] Hodgson
_bwith special reference to Nepal & Himalyas /
260 _bCosmo Publications
_aNew Delhi
_c1990
270 _a24-B,Ansari Road, Daryaganj
_bNew Delhi
_e110002
300 _aiv,213p. :
_c20(Hb)
_bill.
650 _aNew species.
_920620
650 _aReptiles.
_920621
700 _aHodgson
_920622
942 _2ddc
_cEN
_h597.9
_mCAN
999 _c127483
_d127483